00300 a2200133 450000100060000002000060000604000220001210000300003424000340006424500290009830000070012736200090013465000230014360345 a  cAnchieta - Pituba aSantos, Maria Augusta dos10aFuga na Mata Atlânticalpor10aFuga na Mata Atlântica a760 a2001 4aLiteratura juvenil